00562nam a22001697a 450000500170000001000220001702000230003903500220006203700080008408200110009210000170010324500860012026000750020627000480028130000310032950000320036020181103181326.0 aB-106151,B-106160 a8120322797c395.00 aB-106151,B-106160 bDPL a005.43 aCornell,Paul aAccessing And Analyzing Data With Microsoft Excel/(With Cd-Rom))cby Paul Cornell aNew DelhibAshok Ghosh, Prentice-Hall of India private Limited, c2003 aM-97, Connaught Circus, bNew Delhie110001 axxi,378p.bill.c24cm (Hb) aIndex, and About the Author